000 01388nam0a2200361 4500
001 RU\NLR\bibl\570823
005 20250610133035.0
010 _a9986-443-08-3
_9500
035 _a(NLR Aleph) 000562886
090 _a1543713
_c1543713
100 _a20041104d1997 |||y0rusy50 ca
101 1 _arus
_deng
_dlit
_eeng
102 _aRU
105 _aa |||||||||
200 1 _aГемоспоридии птиц
_dBird Haemosporida
_fГ. Валькюнас
_gИн-т экологии
_zeng
210 _aВильнюс
_cИн-т экологии
_d1997
215 _a607 с.
_cил.
_d29
225 1 _aActa Zoologica Lituanica
_eParasitologia. Ornithologia. Entomologia
_vV. 3-5
300 _aЗагл. обл. на англ. яз.
300 _aАвт. также на англ. яз.: G. Valkiūnas
300 _aРез. на англ. и лит. яз.
320 _aБиблиогр.: с. 558-588
320 _aУказ. лат. назв.: с. 594-607
512 1 _6z77790
_aBird Haemosporida
606 0 _aГемоспоридиозы птиц
_xВозбудители
_92354836
_3RU\NLR\auth\661406624
686 _aП873.61-961
700 1 _aВалькюнас
_bГ.
_gГедиминас
_4070
790 1 _6z77512
_aVal'kjunas
_bG
_gGediminas
_4070
801 0 _aRU
_bNLR
_c20041104
_gPSBO
801 1 _aRU
_bNLR
_c20041104
942 _cBOOK
980 _aNB